| 000 | 00791cam a2200277 4500 | ||
|---|---|---|---|
| 008 | 090401t1996 xxu||||| |||| 00| 0 eng d | ||
| 020 | _a0419222103 | ||
| 035 | _a(Sirsi) u72061 | ||
| 041 | _aeng | ||
| 050 | _a692.5 | ||
| 245 | _aSpon`s mechanical and electrical services price book 1997. | ||
| 250 | _a28th ed. | ||
| 260 |
_aLondon _bE & FN Spon _c1996 |
||
| 300 | _axx,512p. ; 24cm. | ||
| 350 | _a72.5 | ||
| 650 | _aBUILT ENVIRONMENT-BUILDING COSTS | ||
| 650 |
_aBlock management _96220 |
||
| 650 | _aELECTRICAL SERVICES | ||
| 650 | _aLABOUR COSTS | ||
| 650 | _aMECHANICAL AND ELECTRICAL SERVICES | ||
| 650 | _aBUILDING PRICE BOOKS | ||
| 690 | _aBUILT ENVIRONMENT-BUILDING COSTS | ||
| 700 |
_aDavis Langdon and Everest, _xEditor |
||
| 942 | _n0 | ||
| 948 | _c04/03/1997 | ||
| 999 |
_c95479 _d95479 |
||